Riconosci il Pokémon - Quiz n°511 - Statistics

Statistiche generali
  • Questo quiz è stato fatto 0 volte
  • Il punteggio medio è 0 su 10
Statistiche sulle risposte
Indizio Risposta % Corretto
Altezza 1,3 m
0%
Tasso di cattura 200 (36.6%)
0%
Sesso 50% ♂, 50% ♀
0%
Peso 60,2 kg
0%
Tipo Acqua
0%
Pokémon Finizen
0%
Stadio evoluzione Forma Base
0%
Abilità Idrovelo
0%
Tasso di allevamento Lento
0%
Generazione Nona
0%
Nessun quiz corrispondente trovato
Distribuzione punteggi
Percentuale di utenti per punteggio
Percentile per numero di risposta
I tuoi punteggi nel tempo
Non hai fatto questo quiz